إغواءات خشبة الحرية : ملتقى النص المسرحي الاردني الاول (دورة جمال ابو حمدان) / (Record no. 33367)
[ view plain ]
| 000 -LEADER | |
|---|---|
| fixed length control field | 00906nam a22002057a 4500 |
| 003 - CONTROL NUMBER IDENTIFIER | |
| control field | JO-AjAnu |
| 005 - DATE AND TIME OF LATEST TRANSACTION | |
| control field | 20240327112754.0 |
| 008 - FIXED-LENGTH DATA ELEMENTS--GENERAL INFORMATION | |
| fixed length control field | 240327b jo ||||| |||| 00| 0 ara d |
| 020 ## - INTERNATIONAL STANDARD BOOK NUMBER | |
| International Standard Book Number | 9789957190859 |
| 040 ## - CATALOGING SOURCE | |
| Original cataloging agency | JO-AjAnu |
| Language of cataloging | ara |
| Transcribing agency | JO-AjAnu |
| 041 #0 - LANGUAGE CODE | |
| Language code of text/sound track or separate title | ara |
| 100 #1 - MAIN ENTRY--PERSONAL NAME | |
| Personal name | مؤسسة عبدالحميد شومان |
| Relator term | معد |
| 9 (RLIN) | 65168 |
| 245 10 - TITLE STATEMENT | |
| Title | إغواءات خشبة الحرية : ملتقى النص المسرحي الاردني الاول (دورة جمال ابو حمدان) / |
| Statement of responsibility, etc. | اعداد مؤسسة عبد الحميد شومان ؛ تقديم صبحة علقم |
| 250 ## - EDITION STATEMENT | |
| Edition statement | الطبعة الاولى |
| 260 ## - PUBLICATION, DISTRIBUTION, ETC. | |
| Place of publication, distribution, etc. | عمان : |
| Name of publisher, distributor, etc. | مؤسسة عبدالحميد شومان، |
| Date of publication, distribution, etc. | 2023 |
| 300 ## - PHYSICAL DESCRIPTION | |
| Extent | 175 صفحة |
| 650 70 - SUBJECT ADDED ENTRY--TOPICAL TERM | |
| Topical term or geographic name entry element | العروض المسرحية - النقد - الدراسات الفنية - الاردن |
| 9 (RLIN) | 65169 |
| 700 #1 - ADDED ENTRY--PERSONAL NAME | |
| Personal name | علقم، صبحة |
| Relator term | مقدم |
| 9 (RLIN) | 65170 |
| 942 ## - ADDED ENTRY ELEMENTS (KOHA) | |
| Source of classification or shelving scheme | Library of Congress Classification |
| Koha item type | Books |
| Suppress in OPAC | No |
| Withdrawn status | Lost status | Source of classification or shelving scheme | Damaged status | Not for loan | Home library | Current library | Date acquired | Total Checkouts | Full call number | Barcode | Date last seen | Price effective from | Koha item type |
|---|---|---|---|---|---|---|---|---|---|---|---|---|---|
| Library of Congress Classification | مكتبة جامعة عجلون الوطنية | مكتبة جامعة عجلون الوطنية | 27/03/2024 | PN2071 2023 | a29869 | 27/03/2024 | 27/03/2024 | Books |